Flaggen Europas zur Hauptstadt - Statistiken

Allgemein
  • Dieses Quiz wurde 489 mal gespielt
  • Das Durchschnittsergebnis liegt bei 31 aus 45
Antwortstatistiken
Bildquiz Antwort % Korrekt
Berlin
100%
London
98%
Madrid
97%
Athen
94%
Lissabon
93%
Paris
91%
Stockholm
90%
Amsterdam
88%
Moskau
88%
Rom
88%
Helsinki
87%
Oslo
87%
Luxemburg
84%
Wien
83%
Bern
82%
Dublin
82%
Kopenhagen
82%
Warschau
81%
Brüssel
80%
Kiew
80%
Vatikanstadt
77%
Budapest
74%
San Marino
73%
Monaco
72%
Prag
72%
Sofia
66%
Reykjavik
64%
Zagreb
64%
Riga
63%
Bukarest
62%
Tirana
61%
Minsk
56%
Andorra la Vella
54%
Tallinn
53%
Bratislava
51%
Skopje
51%
Vaduz
51%
Belgrad
50%
Ljubljana
48%
Vilnius
48%
Pristina
41%
Valleta
40%
Chisinau
38%
Podgorica
29%
Sarajewo
27%
Keine übereinstimmenden Quizze gefunden
Verteilung der Resultate
Anzahl Personen mit jedem Resultat
Perzentil nach korrekt beantworteten Fragen
Ihre Resultats-Entwicklung
Sie haben dieses Quiz noch nicht gespielt